00599nam a2200133Ia 4500008004100000100002900041245010500070245014100175260005300316260000900369300001100378650001500389856006100404170221s9999 xx 000 0 und d aAssel Bakirovna Akpayeva aSpecifics of Educational Activity Anti-motivation in Future Teachers Subject to the Training Period  cAssel Bakirovna Akpayeva, Natalia Valentinovna Ivanova, Tatiana Ivanovna Luchina, Elena Viktorovna Minaeva, Elena Alexandrovna Zhestkova bInternational Review of Management and Marketing c2016 a6 : 3S xMarketing. uhttp://www.econjournals.com/index.php/irmm/issue/view/75